01421nam a2200301 4500001000400000003000400004005001700008008004100025020001800066040000800084041001300092082001500105100002300120240002200143245006900165260003200234300001100266490002400277500005700301520062000358650002500978650002001003650001401023655001201037655001601049700003001065830002401095186OSt20250528074014.0250131b |||||||e |||| 00| 1 eng d a9788565530385 bpor hengapor a813bD273p1 aDay, Sylviad1973- aEntwined with you aPara sempre sua /cDay, Sylvia ; Tradução de Alexandre Boide aSão PaulobParalelac2013 a361 p.1 aCrossfirevLivro 03 aPara sempre sua Sequência de : Profundamente sua a"A partir do momento que conheci Gideon Cross, senti nele algo que eu precisava. Algo ao qual eu não podia resistir. Vi a perigosa e descuidada alma dentro dele – tão parecida com a minha. Estava atraída por ele. Precisava dele assim como precisava de meu coração batendo. Ninguém sabe o quanto ele se arriscou por mim. Como eu tinha sido ameaçada ou somente a quão escura e desesperadora a sombra de nosso passado se tornaria. Envolvidos pelos nossos segredos, tentamos desafiar as evidências. Fizemos nossas próprias regras e nos rendemos completamente ao sensual poder de ser possuído..." 0aLiteratura Americana 0aAmor e Paixão 0aErótico 0aRomance 0aFicção  aAlexandre BoidieTradutor aCrossfirevLivro 03